[Event "Panchenko Memorial-A 2018"]
[Site "Chelyabinsk"]
[Date "2018.10.12"]
[Round "8"]
[White "Drygalov, Andrey"]
[Black "Simantsev, Mikhail"]
[Result "1-0"]
[WhiteElo "2477"]
[BlackElo "2424"]
[Annotator "TA"]
[PlyCount "141"]
[EventDate "2018.10.06"]
[EventCountry "RUS"]
[SourceTitle "playchess.com"]
[Source "ChessBase"]
[SourceQuality "1"]

{[%evp 23,141,17,13,10,13,13,17,0,14,9,18,16,27,18,40,0,0,0,11,0,0,-3,0,-4,-4,-6,0,-22,-22,-22,-22,-18,-18,-20,-17,-19,-17,-29,0,0,0,0,0,0,0,0,0,0,0,0,0,0,16,24,18,16,21,18,59,59,59,59,60,68,88,13,12,14,22,8,50,0,0,0,0,0,22,30,56,56,56,58,105,105,106,105,105,106,106,116,106,119,224,221,923,840,735,224,750,641,1453,2345,29967,29967,29967,29965,5089,5185,29972,29974,29944,5000,29976,29977,29984,29985,29985,29986,29986,29986]} 1. e4 e5 2. Nf3 Nc6 3. Bb5 a6 4. Ba4 Nf6 5. O-O Be7 6. d3 b5 7. Bb3 d6 8. a4 Bd7 9. c3 O-O 10. Bc2 Re8 11. Re1 h6 12. Nbd2 {[%cal Bb1d2,Bd2f1,Bf1e3,Be3c4][%mdl 32]} Bf8 13. Nf1 {C90: Closed Ruy Lopez with 7...d6: Early deviations} (13. h3 Ne7 14. d4 Ng6 15. Nf1 c5 16. Ng3 Qc7 17. Be3 Qb7 18. d5 Reb8 19. Qd2 Be7 20. b3 Qc8 {½-½ (42) Svidler,P (2765)-Tomashevsky,E (2713) St Petersburg 2017}) 13... b4 14. Ne3 Rb8 15. a5 {The position is equal.} bxc3 16. bxc3 Na7 17. Bb3 {[#]} c5 $146 ({Predecessor:} 17... Be6 18. Ba4 Bd7 {0-1 (95) Baklan,V (2610)-Iordachescu,V (2641) Mamaia 2012}) 18. Qc2 Nc6 19. Nc4 Be6 20. Ba4 Qc7 21. Nfd2 Red8 22. Bxc6 Qxc6 23. Ne3 Ng4 24. Nxg4 Bxg4 25. c4 Rb7 26. Bb2 Rdb8 27. Bc3 Be7 28. Nf1 {[%cal Bd2f1,Bf1g3,Bg3e4][%mdl 32]} Be6 29. Reb1 Bg5 30. h3 f5 31. exf5 Bxf5 32. Ng3 Bg6 33. Ne4 Be7 34. Rxb7 Rxb7 35. Rb1 Kh7 36. Rxb7 Qxb7 37. f3 d5 38. cxd5 Qxd5 39. Qe2 Bd8 40. Qe3 c4 41. dxc4 Qxc4 42. Qc5 Qe6 43. Bxe5 Be7 44. Qc7 ({White should try} 44. Qd4 $16) 44... Bxe4 $1 $11 45. fxe4 Bf8 46. Kh2 h5 47. Qc3 Bb4 48. Qxb4 (48. Qd4 {is interesting.} Bxa5 49. Bxg7 Bc7+ 50. Kh1 Bb6 51. Qa1) 48... Qxe5+ {[%mdl 4096] Endgame KQ-KQ} 49. Kg1 Qf4 50. Qe1 h4 51. e5 {[%cal Be4e5,Be5e6][%mdl 32]} Qd4+ 52. Kh1 {[#] Black must now prevent e6.} Kg8 53. e6 {White threatens e7 and mate.} Kf8 54. Qf1+ Qf6 55. Qxa6 Qa1+ 56. Kh2 {[#] Threatening mate with Qd6+.} Qe5+ 57. Kg1 Qe3+ (57... Kg8 $16 58. Kf2 Qf4+ 59. Ke2 Qe4+ 60. Kd1 Qd5+ 61. Kc1 Qc5+ 62. Kd2 Qd5+ 63. Ke3 Qe5+ 64. Kd2 Qd5+ 65. Kc1 Qc5+ 66. Kd2 Qg5+ 67. Kd1 Qd5+ 68. Kc1) 58. Kf1 $18 Qc1+ $2 (58... Qf4+ 59. Ke1 Qe5+ 60. Kf1 Qf5+ 61. Ke1 Qe5+ 62. Kd2 Qd5+ 63. Kc3 Ke7) 59. Ke2 Qc2+ 60. Ke3 {aiming for Qd6+.} Qc3+ $2 (60... Qc5+ 61. Ke4 Qb4+ 62. Kd5 Qd2+ 63. Kc5 Ke7 64. Qb7+ Kf6) 61. Ke4 Qc2+ 62. Kd5 Qxg2+ 63. Kd6 {[%cal Ra6c8]} Qd2+ 64. Kc7 Ke7 65. Qb6 Qd8+ 66. Kb7 Qd5+ 67. Ka7 (67. Kb8 $142 Kf6 68. a6 Qe5+ 69. Kc8 g6 70. a7 Qa1 71. Kb7 Qh1+ 72. Qc6 Qb1+ 73. Kc7) 67... g5 68. a6 {White mates.} g4 69. Qb7+ Kxe6 70. Qxd5+ Kxd5 71. Kb8 {Precision: White = 67%, Black = 41%.} 1-0

[Event "Panchenko Memorial-A 2018"]
[Site "Chelyabinsk"]
[Date "2018.10.12"]
[Round "8"]
[White "Bezgodov, Alexei"]
[Black "Meister, Jakob"]
[Result "1-0"]
[WhiteElo "2452"]
[BlackElo "2435"]
[Annotator "TA"]
[PlyCount "71"]
[EventDate "2018.10.06"]
[EventCountry "RUS"]
[SourceTitle "playchess.com"]
[Source "ChessBase"]
[SourceQuality "1"]

{[%evp 13,71,44,58,18,33,27,42,0,22,23,21,-33,-44,-35,16,0,32,4,26,0,0,0,0,-15,0,15,42,42,48,57,194,187,188,188,161,182,187,168,279,261,308,302,311,284,358,346,399,332,347,347,339,339,367,340,577,569,613,663,1454,1338]} 1. e4 c5 2. Nf3 d6 3. d4 cxd4 4. Nxd4 Nf6 5. Nc3 Nc6 6. Bg5 Bd7 7. Qd2 Rc8 8. Nxc6 {B61: Sicilian: Richter-Rauzer: 6...Bd7 7 Qd2} bxc6 9. O-O-O h6 10. Bh4 $146 {White is slightly better.} (10. Bxf6 $5 exf6 11. Qe3 $11) ({Predecessor:} 10. Bf4 e5 11. Bg3 Nh5 12. Kb1 Be7 13. Bc4 Rb8 14. Bb3 Be6 15. Bxe6 fxe6 16. Bxe5 Qb6 17. Na4 Qa6 18. Bxd6 Rd8 19. Nc5 Qb5 20. Nxe6 Rxd6 21. Nc7+ Kf7 22. Qxd6 {1-0 (22) Robson,R (2596)-Reshetnikov,A (2514) Moscow 2012}) 10... g5 11. Bg3 {e5 is the strong threat.} Nh5 12. f4 (12. e5 $11) 12... Nxf4 $15 13. Bc4 e5 ({Better is} 13... Ne6 $15) 14. h4 Rg8 15. Kb1 Be6 16. Bb3 Bxb3 17. axb3 Rc7 18. Bh2 Rd7 19. hxg5 Qxg5 20. Bxf4 Qxf4 21. Qe2 Rc7 {[#]} (21... Rg6 $14) 22. Qc4 $1 $36 {[%mdl 2048] Hoping for Nd5! White has strong initiative.} Kd8 23. Rhf1 Qg4 24. Rxf7 Be7 25. Rh7 Qg6 (25... h5 {was necessary.} 26. Rxh5 Qxh5 27. Qxg8+ Qe8) 26. Rxh6 Qxh6 27. Qxg8+ Qf8 28. Qe6 Rd7 29. b4 Rb7 30. Qxe5 Kc7 31. Qa5+ Kb8 32. b5 cxb5 33. Nxb5 Qf6 $2 {[#]} (33... Bd8 34. Qa6 Be7) 34. Nd4 {White is clearly winning.} Ka8 35. Qd5 Qe5 36. Qg8+ {Precision: White = 66%, Black = 46%.} 1-0

[Event "Panchenko Memorial-A 2018"]
[Site "Chelyabinsk"]
[Date "2018.10.13"]
[Round "9"]
[White "Bezgodov, Alexei"]
[Black "Gleizerov, Evgeny"]
[Result "1/2-1/2"]
[WhiteElo "2452"]
[BlackElo "2487"]
[Annotator "TA"]
[PlyCount "78"]
[EventDate "2018.10.06"]
[EventCountry "RUS"]
[SourceTitle "playchess.com"]
[Source "ChessBase"]
[SourceQuality "1"]

{[%evp 17,78,67,59,51,80,63,61,67,82,55,55,33,33,28,44,38,43,46,44,20,26,19,15,14,22,25,18,7,39,22,88,79,93,86,124,122,111,118,116,113,189,189,185,151,155,155,155,155,155,155,155,142,155,155,155,155,155,155,155,141,141,127,141]} 1. d4 e6 2. Nf3 f5 3. Bf4 Nf6 4. e3 Be7 5. Be2 O-O 6. O-O d5 7. c4 c6 8. Nc3 Ne4 9. h3 Nd7 {LiveBook: 7 Partien. A84: Holländische Verteidigung} 10. Rc1 (10. Qc2 b6 11. cxd5 exd5 12. Nxd5 cxd5 13. Qc6 Rb8 14. Qxd5+ Kh8 15. Bxb8 Nxb8 16. Qxd8 Rxd8 17. Rac1 Bd6 18. Ne5 Bb7 19. Rc2 f4 20. Bf3 Na6 21. Re1 fxe3 22. fxe3 Nb4 23. Rcc1 {1-0 (23) Kosic,D (2490)-Seitaj,I (2372) Sarajevo 2017}) 10... Ndf6 11. Ne5 Nd7 $146 {Weiß steht etwas besser.} ({Vorgänger:} 11... Bd7 12. Qc2 Be8 13. f3 Nd6 14. b4 Rc8 15. c5 Nf7 16. b5 Nxe5 17. Bxe5 {1-0 (46) Prior,S (1917)-Wall,T (2184) Crawley 2016}) 12. Nxe4 Nxe5 13. Bxe5 fxe4 14. f3 (14. c5 {looks sharper.} Bf6 15. Bd6 Be7 16. Bf4 Bd7 17. a4) 14... exf3 15. Rxf3 Rxf3 16. Bxf3 Bd6 17. Bxd6 Qxd6 18. e4 {[%cal Be3e4,Be4e5][%mdl 32]} dxc4 19. e5 Qe7 20. Rxc4 Bd7 21. Qb3 Be8 22. Qb4 Qc7 23. d5 {Schwarz muss nun Tf4 beachten.} Qxe5 (23... a5 $11 24. d6 axb4 25. dxc7 Rc8) 24. Re4 $16 ({Ein No Go ist} 24. dxc6 $6 Bxc6 25. Bxc6 bxc6 $11) 24... Qc7 25. Rxe6 {Te7 ist eine echte Drohung.} cxd5 26. Bxd5 {[%cal Re6e8] [#]} Bf7 27. Re7 $36 {[%mdl 2048] Weiss bestimmt, wo es lang geht.} ({Natürlich nicht} 27. Qxb7 $6 Qxb7 28. Bxb7 Bxe6 $11) 27... Qc1+ 28. Re1 {jetzt Lxf7+ und aus.} Qxe1+ (28... Qc7 $16 29. Bxf7+ (29. Bxb7 a5 $11) 29... Qxf7) 29. Qxe1 $18 Bxd5 $16 {[%mdl 4096] Endspiel KD-KTL} 30. a3 a6 31. g4 Rf8 32. h4 Bc6 33. Qe6+ Kh8 34. b3 Bf3 35. Kh2 Bc6 36. a4 Rf2+ 37. Kg1 {[#] Weiss droht Dc8+ und Matt.} Rf8 38. h5 h6 39. Kh2 Rf6 {Precision: Weiß = 56%, Schwarz = 74%.} 1/2-1/2

[Event "Panchenko Memorial-A 2018"]
[Site "Chelyabinsk"]
[Date "2018.10.13"]
[Round "9"]
[White "Meister, Jakob"]
[Black "Drygalov, Andrey"]
[Result "1/2-1/2"]
[WhiteElo "2435"]
[BlackElo "2477"]
[Annotator "TA"]
[PlyCount "40"]
[EventDate "2018.10.06"]
[EventCountry "RUS"]
[SourceTitle "playchess.com"]
[Source "ChessBase"]
[SourceQuality "1"]

{[%evp 18,19,0,0]} 1. e4 e5 2. Nf3 Nc6 3. Nc3 Nf6 4. d4 exd4 5. Nxd4 Bb4 6. Nxc6 bxc6 7. Bd3 d5 8. exd5 cxd5 9. O-O O-O 10. Bg5 {Vorgänger:} c6 $146 11. Na4 h6 12. Bh4 Be6 13. c3 Bd6 14. Bc2 Re8 15. Qd3 g5 16. Bg3 Bxg3 17. hxg3 Qd6 18. Qd4 Bg4 19. Rfe1 Be2 20. Nc5 Re7 {1-0 (59) Nakamura,H (2777)-So,W (2780) Saint Louis 2018} 1/2-1/2

[Event "Panchenko Memorial-A 2018"]
[Site "Chelyabinsk"]
[Date "2018.10.13"]
[Round "9"]
[White "Simantsev, Mikhail"]
[Black "Berzinsh, Roland"]
[Result "1-0"]
[WhiteElo "2424"]
[BlackElo "2402"]
[Annotator "TA"]
[PlyCount "28"]
[EventDate "2018.10.06"]
[EventCountry "RUS"]
[SourceTitle "playchess.com"]
[Source "ChessBase"]
[SourceQuality "1"]

{[%evp 1,1,5]} 1. c4 {Predecessor:} Nf6 $146 2. Nc3 e5 3. Nf3 Nc6 4. e3 Bb4 5. Qc2 Bxc3 6. Qxc3 Qe7 7. d4 Ne4 8. Qd3 exd4 9. Nxd4 O-O 10. Be2 Qb4+ 11. Kf1 Qe7 12. f3 f5 13. Qd1 Nc5 14. Kf2 d6 {½-½ (23) Caruana,F (2827)-Ding,L (2804) Batumi 2018} 1-0

[Event "Panchenko Memorial-A 2018"]
[Site "Chelyabinsk"]
[Date "2018.10.14"]
[Round "10"]
[White "Gleizerov, Evgeny"]
[Black "Simantsev, Mikhail"]
[Result "1-0"]
[WhiteElo "2487"]
[BlackElo "2424"]
[Annotator "TA"]
[PlyCount "81"]
[EventDate "2018.10.06"]
[EventCountry "RUS"]
[SourceTitle "playchess.com"]
[Source "ChessBase"]
[SourceQuality "1"]

{[%evp 28,81,27,17,20,17,18,4,11,-21,16,17,32,32,31,28,20,23,33,23,22,0,18,0,10,0,81,67,77,58,85,83,100,87,166,174,173,166,155,145,145,149,138,104,477,466,477,475,457,463,437,443,765,758,751,737]} 1. d4 Nf6 2. c4 e6 3. g3 c5 4. d5 exd5 5. cxd5 d6 6. Nc3 g6 7. Nf3 Bg7 8. Bg2 O-O 9. O-O Re8 10. Bf4 Na6 11. Re1 {A62: Modern Benoni: Fianchetto Variation without early ...Nbd7} Bg4 12. h3 Bxf3 13. Bxf3 Nd7 14. Ne4 Ne5 15. Bg2 {LiveBook: 7 Games} Nc7 {[#]} 16. Bg5 $146 ({Predecessor:} 16. g4 f5 17. gxf5 gxf5 18. Bg5 Qd7 {½-½ (66) Wojtaszek,R (2737)-Zhigalko,S (2638) Heraklio 2017}) 16... f6 17. Bc1 Qd7 18. g4 b5 19. Ng3 c4 20. f4 Nf7 21. e4 Na6 22. Be3 Nc5 23. Bxc5 (23. Qd2 {keeps more tension.} a5 24. Bd4 Nd3 25. Rf1 a4 26. Kh2) 23... dxc5 24. Qd2 Rad8 25. Rad1 Qc7 26. Qf2 g5 (26... a5 $11) 27. Nh5 $1 $16 {[%cal Bg3h5,Bh5f4,Bf4e6][%mdl 32]} gxf4 28. Nxf4 Qe5 29. Ne6 $36 {[%mdl 2048] Keeping Black busy.} Rc8 30. Nxc5 f5 (30... b4 $16) 31. exf5 $18 Qxb2 {[#]} 32. Rxe8+ $1 Rxe8 {[#]} 33. Qxb2 $1 Bxb2 34. d6 {And now d7 would win.} Rc8 35. Ne6 Nxd6 $2 {[%mdl 8192]} (35... c3 $16 {is more resistant.} 36. d7 Rc4 37. d8=Q+ Nxd8 38. Rxd8+ Kf7) 36. Rxd6 {White is clearly winning.} c3 {aiming for ...c2.} 37. Be4 c2 {[#]} 38. Bxc2 $1 Rxc2 39. g5 Be5 (39... Rc8 $142 40. Rd7 a5) 40. Rd8+ Kf7 41. Rd7+ {Precision: White = 58%, Black = 36%.} 1-0

[Event "Panchenko Memorial-A 2018"]
[Site "Chelyabinsk"]
[Date "2018.10.14"]
[Round "10"]
[White "Drygalov, Andrey"]
[Black "Bezgodov, Alexei"]
[Result "1/2-1/2"]
[WhiteElo "2477"]
[BlackElo "2452"]
[Annotator "TA"]
[PlyCount "27"]
[EventDate "2018.10.06"]
[EventCountry "RUS"]
[SourceTitle "playchess.com"]
[Source "ChessBase"]
[SourceQuality "1"]

{[%evp 26,27,19,0]} 1. e4 e5 2. Nf3 Nc6 3. Bb5 {[%cal Bf1b5,Bb5a4,Ba4b3][%mdl 32]} a6 4. Ba4 Nf6 5. O-O Be7 6. Re1 b5 7. Bb3 d6 8. c3 O-O 9. h3 Bb7 10. d4 Re8 11. Ng5 $146 ({Predecessor:} 11. Nbd2 Bf8 12. a3 h6 13. Bc2 Nb8 14. b3 Nbd7 15. Bb2 c5 16. d5 Bc8 17. a4 Rb8 18. axb5 axb5 19. Bd3 Nh5 20. Bf1 g6 21. Nh2 Ng7 22. Bd3 Nf6 {1-0 (49) Harikrishna,P (2744)-Ivanchuk,V (2726) Riadh 2017}) 11... Rf8 12. Nf3 Re8 13. Ng5 Rf8 14. Nf3 {LiveBook: 6603 Games} 1/2-1/2

[Event "Panchenko Memorial-A 2018"]
[Site "Chelyabinsk"]
[Date "2018.10.14"]
[Round "10"]
[White "Berzinsh, Roland"]
[Black "Meister, Jakob"]
[Result "1-0"]
[WhiteElo "2402"]
[BlackElo "2435"]
[Annotator "TA"]
[PlyCount "73"]
[EventDate "2018.10.06"]
[EventCountry "RUS"]
[SourceTitle "playchess.com"]
[Source "ChessBase"]
[SourceQuality "1"]

{[%evp 14,73,56,26,26,14,5,0,83,83,79,83,78,80,80,72,114,108,112,98,106,98,126,126,126,131,129,109,139,136,136,141,146,150,148,148,153,149,153,154,154,153,158,154,161,161,172,172,158,149,181,181,390,381,606,598,655,650,881,881,822,805]} 1. d4 Nf6 2. c4 e6 3. Nc3 d5 4. cxd5 exd5 5. Bg5 c6 6. e3 Qb6 7. Qc2 Ne4 8. Bf4 Bd6 {D35: Queen's Gambit Declined: Exchange Variation} 9. Nxe4 Bxf4 10. Nc3 Bd6 {[#]} (10... Bc7 $1 $11 {remains equal.}) 11. Nxd5 $1 $16 {[%mdl 512]} cxd5 12. Qxc8+ Ke7 13. Qc2 Qa5+ $146 ({Predecessor:} 13... Rc8 14. Qxc8 Nc6 15. Qxa8 Qxb2 16. Bd3 Qxa1+ {1-0 (25) Mikhalchishin,A (2525)-Repkova,E (2392) Steinbrunn 2005}) 14. Kd1 Nc6 15. Ne2 Rac8 {...Nxd4! is the strong threat.} 16. Nc3 Bb4 17. Qb3 Rhd8 18. Rc1 Kf8 19. a3 Bxc3 20. Qxc3 Qa4+ 21. Qc2 Qxc2+ 22. Rxc2 Na5 23. b4 Rxc2 24. Kxc2 {[%mdl 4096] Endgame KRB-KRN} Nc6 25. Bd3 Ke7 26. Rc1 ({Inferior is} 26. Bxh7 g6 $11) 26... Kd6 27. g4 {[%cal Bg2g4,Bg4g5][%mdl 32]} ({Weaker is} 27. Bxh7 g6 $11) 27... h6 28. Kd2 Rh8 29. h4 h5 {[#]} 30. g5 $1 Ne7 31. f3 Ra8 32. e4 {[%cal Be3e4,Be4e5][%mdl 32]} g6 $2 (32... a5 {might work better.} 33. b5 Rc8 34. Rxc8 Nxc8 35. e5+ Ke6) 33. Bf1 $18 a5 (33... Nc6 $142 34. Ke3 Rd8 35. e5+ Ke7) 34. b5 {[%cal Bb4b5,Bb5b6][%mdl 32] White is clearly winning.} Kd7 35. b6 Nc6 36. Bb5 Kd6 37. e5+ {Precision: White = 81%, Black = 40%.} 1-0